00630nam a2200181Ia 450000500170000000800410001702000230005804000190008104100120010008200160011224501600012826000650028830000150035350400190036865000200038770000310040785000100043820221208110153.0131103s9999 xx 000 0 und d a813531624cRs 1015 aLoreto College aEnglish a811.08bAXE 4aThe anthology of American poetryb Vol I : Traditions and revolutions, beginnings to 1900cEdited by Steven Gould Axelrod, Camille Roman, Thomas Travisano aNew Brunswick, NJ and LondonbRutgers University Pressc2003 axxxi,736p  aIncludes index aAmerican Poetry aAxelrod, Steven Gould4ed. aLCLIB